<?xml version="1.0" encoding="UTF-8"?><?xml-stylesheet type="text/xsl" href="static/style.xsl"?><OAI-PMH xmlns="http://www.openarchives.org/OAI/2.0/" xmlns:xsi="http://www.w3.org/2001/XMLSchema-instance" xsi:schemaLocation="http://www.openarchives.org/OAI/2.0/ http://www.openarchives.org/OAI/2.0/OAI-PMH.xsd"><responseDate>2026-06-05T12:18:36Z</responseDate><request verb="GetRecord" identifier="oai:riuma.uma.es:10630/6470" metadataPrefix="marc">https://riuma.uma.es/rest/oai/request</request><GetRecord><record><header><identifier>oai:riuma.uma.es:10630/6470</identifier><datestamp>2026-02-03T12:52:55Z</datestamp><setSpec>com_10630_5701</setSpec><setSpec>com_10630_3139</setSpec><setSpec>com_10630_10</setSpec><setSpec>col_10630_6433</setSpec></header><metadata><record xmlns="http://www.loc.gov/MARC21/slim" xmlns:dcterms="http://purl.org/dc/terms/" xmlns:doc="http://www.lyncode.com/xoai" xmlns:xsi="http://www.w3.org/2001/XMLSchema-instance" xsi:schemaLocation="http://www.loc.gov/MARC21/slim http://www.loc.gov/standards/marcxml/schema/MARC21slim.xsd">
   <leader>00925njm 22002777a 4500</leader>
   <datafield ind2=" " ind1=" " tag="042">
      <subfield code="a">dc</subfield>
   </datafield>
   <datafield ind2=" " ind1=" " tag="720">
      <subfield code="a">Fernández-Paradas, Mercedes</subfield>
      <subfield code="e">author</subfield>
   </datafield>
   <datafield ind2=" " ind1=" " tag="260">
      <subfield code="c">2010</subfield>
   </datafield>
   <datafield ind2=" " ind1=" " tag="520">
      <subfield code="a">Este trabajo analiza los inicios de la electricidad en Antequera, en el periodo 1892-1912, un ejemplo representativo de lo que ocurrió en las ciudades andaluzas de pequeño y mediano tamaño. El artículo se divide en cuatro apartados. La introducción señala los objetivos de la investigación. El segundo apartado trata la difusión de la electricidad en Andalucía y España. El tercero analiza la llegada de la electricidad a Antequera, en 1892, de la mano de dos sociedades privadas: “Azucarera Antequerana” y “José Bellido y Compañía”, la primera de ellas para autoconsumo, la segunda para alumbrado público. El cuarto comprende los primeros años del novecientos, marcados por los avances experimentados por la tecnología eléctrica en los años interseculares, que permitieron la creación de nuevas empresas, capaces de superar el ámbito municipal.</subfield>
   </datafield>
   <datafield ind2=" " ind1=" " tag="520">
      <subfield code="a">This work sets out to analyse the beginnings of electricity in Antequera during the period 1892-1912, an example which is representative of what occurred and medium-sized cities in Andalucía. The article is divided into four sections: the introduction outlines the aims of the investigation; the second section concerns the spread of electricity in Andalucía; the third analyses the introduction of electricity in Antequera, in 1892, by two private enterprises: “Azucarera Antequerana” and “José Bellido y Compañía”, the first of the two for private consumption, and the second for public lighting; the fourth section covers the early nineteen-hundreds, marked by the advances undergone by the electricity technology during the preceeding years, which allowed the creation of new business capable of extending beyond municipal bounderies.</subfield>
   </datafield>
   <datafield ind1="8" ind2=" " tag="024">
      <subfield code="a">FERNÁNDEZ PARADA, MERCEDES "Los comienzos de la electricidad en Andalucía : el ejemplo de Antequera (1892-1912)" Baética, 32, 2010, 507-525</subfield>
   </datafield>
   <datafield ind1="8" ind2=" " tag="024">
      <subfield code="a">0212-5099</subfield>
   </datafield>
   <datafield ind1="8" ind2=" " tag="024">
      <subfield code="a">http://hdl.handle.net/10630/6470</subfield>
   </datafield>
   <datafield tag="653" ind2=" " ind1=" ">
      <subfield code="a">Energía eléctrica - Consumo - Historia - Antequera - 1892-1912</subfield>
   </datafield>
   <datafield ind2="0" ind1="0" tag="245">
      <subfield code="a">Los comienzos de la electricidad en Andalucía : el ejemplo de Antequera (1892-1912)</subfield>
   </datafield>
</record>
</metadata></record></GetRecord></OAI-PMH>